Biblioteca

Christian theology (Registro nro. 64800)

Detalles MARC
000 -LÍDER
Campo fijo de descripción fija 01441cam a2200361 i 4500
001 - NÚMERO DE CONTROL
Campo de control 816317880
003 - IDENTIFICADOR DEL NÚMERO DE CONTROL
Campo de control OCoLC
005 - FECHA Y HORA DE LA ULTIMA TRANSACCIÓN
control field 20190208094448.0
008 - ELEMENTOS DE LONGITUD FIJA -- INFORMACIÓN GENERAL
Campo fijo de descripción fija -- Información general 121023s2013 miud g b 001 0 eng
010 ## - NÚMERO DE CONTROL DE LA BIBLIOTECA DEL CONGRESO
Número de control LC 2012042213
020 ## - NÚMERO INTERNACIONAL NORMALIZADO PARA LIBROS
Número Internacional Normalizado del libro 9780801036439 (cloth)
020 ## - NÚMERO INTERNACIONAL NORMALIZADO PARA LIBROS
Número Internacional Normalizado del libro 0801036437 (cloth)
040 ## - FUENTE DE CATALOGACIÓN
Agencia de catalogación original DLC
Idioma de catalogación spa
Agencia que realiza la transcripción CO-MdFUSB
Agencia que realiza la modificación OCLCO
-- XBE
-- TLE
-- YDXCP
-- OCLCF
-- CVN
-- CDX
-- FPD
Convenciones de la descripción rda
041 ## - CÓDIGO DE IDIOMA
Código de idioma para texto/pista de sonido o título separado eng
042 ## - AUTHENTICATION CODE
Authentication code pcc
082 ## - NÚMERO DE CLASIFICACIÓN DECIMAL DEWEY
Número de la edición del Dewey 24
Número de clasificación G 230
Clave de autor-Numero de item E682c
100 1# - ASIENTO PRINCIPAL--NOMBRE PERSONAL
Nombre personal Erickson, Millard J.
Término relacionador autor
245 00 - TÍTULO
Título del Material Christian theology
Mención de responsabilidad, etc. / Millard J. Erickson.
250 ## - MENCIÓN DE EDICIÓN
Mención de edición Third Edition
264 #1 - PRODUCCIÓN, PUBLICACIÓN, DISTRIBUCIÓN, MANUFACTURA, Y COPYRIGHT
Lugar de producción, publicación, distribución, manufactura Grand Rapids, Michigan :
Nombre del productor, publicador, distribuidor Baker Academic,
Fecha de producción, publicación, distribución, manufactura, o copyright ℗2013
264 #4 - PRODUCCIÓN, PUBLICACIÓN, DISTRIBUCIÓN, MANUFACTURA, Y COPYRIGHT
Fecha de producción, publicación, distribución, manufactura, o copyright ©2013
300 ## - DESCRIPCIÓN FÍSICA
Extensión xiv, 1186 páginas ;
Dimensiones 24 cm.
336 ## - TIPO DE CONTENIDO
Fuente rdacontent
Término de tipo de contenido texto
Código de tipo de contenido txt
337 ## - TIPO DE MEDIO
Fuente rdamedia
Nombre del tipo de medio sin mediación
Código del tipo de medio n
338 ## - TIPO DE SOPORTE
Fuente rdacarrier
Nombre del tipo de soporte volumen
Código Tipo de soporte nc
500 ## - NOTA GENERAL
Nota General Primera edición publicada originalmente en tres volúmenes.
501 ## - NOTA DE “CON”
Nota de Contenido Incluye índices (páginas 1146- 1186)
505 0# - NOTA DE CONTENIDO
Nota de contenido con formato preestablecido Parte 1. Estudiando a Dios -- Parte 2. Conociendo a Dios -- Parte 3. Cómo es Dios -- Parte 4. Lo que Dios hace -- Parte 5. Humanidad -- Parte 6. Pecado -- Parte 7. La persona de Cristo -- Parte 8. La obra de Cristo -- Parte 9. El Espíritu Santo -- Parte 10. Salvación -- Parte 11. La iglesia -- Parte 12.<br/><br/>Las últimas cosas.
650 #7 - ASIENTO SECUNDARIO DE MATERIA - TERMINO TEMÁTICO
Término temático o nombre geográfico como elemento de entrada Teología doctrinal
9 (RLIN) 179
942 ## - TIPO DE MATERIAL (KOHA)
Tipo de Item KOHA Libros General
Existencias
Estado de Material Estado de Perdido Forma de Clasificación Estado de Dañado No para Préstamo Colección Biblioteca de Origen Biblioteca Permanente Fecha de Adquisición Total de Préstamos Total de Renovaciones Signatura Topográfica Código de Barras Última vez visto Última vez Préstado Ejemplar/Existencia Fecha de Remplazo Tipo de Material
    Dewey Decimal Classification     Colección General Biblioteca FUSBC Biblioteca FUSBC 08/02/2019 4 5 G 230 E682c 335 14/05/2025 02/03/2023 Ej. 1 08/02/2019 Libros General

Biblioteca FUSBC | Teléfono: (57+4) 349 88 10 Ext. 141| WhatsApp (+57) 3005338115 
E-mail: biblioteca@unisbc.edu.co | Calle 76 87-14 Robledo Palenque, Medellín, Colombia

Con tecnología Koha